載入...

From Lineage to State : Social Formations in the Mid-First Millennium B.C. in the Gnga Valley /

書目詳細資料
主要作者: Romila, Thapar
格式: Printed Book
出版: Delhi: Oxfor, 1984.
主題:
LEADER 00486nam a22001214a 4500
082 |a 934.05 
100 |a Romila,  |b Thapar. 
260 |a Delhi:  |b Oxfor,  |c 1984. 
650 |a From Lineage to State  
245 |a From Lineage to State :   |b Social Formations in the Mid-First Millennium B.C. in the Gnga Valley /   |c by Romila Thapar .  
942 |c BK 
999 |c 244103  |d 244103 
952 |0 0  |1 0  |4 0  |6 934_050000000000000_ROM  |7 0  |8 TB  |9 259445  |a HIS  |b HIS  |d 2020-01-04  |l 0  |o 934.05 ROM  |p HIS9537  |r 2020-01-04  |t 1  |w 2020-01-04  |y BK